Datum a čas kvízu
40.5
Celkem bodů
Celkový počet nahraných bodů na tomto kvízu bez doplňovacích otázek.
1.
Pořadí na kvízu
Konečné umístění týmu na tomto kvízu.
Zaznamenané odpovědi
| # | Otázka | Odpověď | Body | Výsledky |
|---|---|---|---|---|
| 1. | Společnost Foodora minulý týde... | jídlo vám přiveze robot | 1 | |
| 2. | Univerzita Palackého se v září... | Česká asociace umělé inteligence | 1 | |
| 3. | V Anglii nedávno hackeři ukrad... | Gucci, Balenciaga | 1 | |
| 4. | V Safari parku ve Dvoře Králov... | B) 25 cm | 1 | |
| 5. | Neobvyklý pokus absolvovali př... | A | 0 | |
| 6. | Jak se dvouslovně nazývá směs... | lučavka královská | 1 | |
| 7. | Největším vlastníkem zlata na... | Fort Knox | 0 | |
| 8. | Staří Aztékové se domnívali, ž... | B | 0 | |
| 9. | Alchymisté ve středověku věřil... | kámen mudrců | 1 | |
| 10. | Zlato se v minulosti hledalo č... | Otava | 1 |